000 00791nam a2200217Ia 4500
001 22634
003 GE_BSU
008 181216s||||||||xx |||||||||||||| ||und||
040 _cGE_BSU
245 _aСоциальная педагогика. №3. 2017
245 _bпрактический журнал для социальных работников и педагогов
245 _cред.М.П. Гурьянова
260 _aМосква
260 _c2017
300 _a143 стр. 29см.
653 _aПериодика
653 _aпрактический журнал для социальных работников и педагогов
653 _aСоциальная педагогика. №3. 2017
653 _aპერიოდიკა
942 _cCR
999 _c55552
_d55552